[Event "Huntingdale Masters 2009"]
[Site "Huntingdale Chess Club"]
[Date "2009.05.22"]
[Round "6"]
[White "Hare, Tim"]
[Black "Dunlop, Gordon"]
[Result "1-0"]
[WhiteElo "2013"]
[BlackElo "1845"]

1. c4 c5 2. g3 Nf6 3. Bg2 d5 4. cxd5 Nxd5 5. Nc3 e6 6. d3 Nc6 7. Nf3 Be7 8. a3
O-O 9. O-O Bf6 10. Bd2 Nxc3 11. bxc3 Rb8 12. Rb1 b6 13. Qc2 Bb7 14. h4 Ne5 15.
Nxe5 Bxe5 16. f4 Bxg2 17. Kxg2 Bc7 18. e4 Qd7 19. Rf3 Rbd8 20. c4 Qc6 21. Bc3
Rd7 22. g4 Rfd8 23. Rbf1 f5 24. Kg3 Rf7 25. gxf5 exf5 26. e5 Re8 27. Kg2 Re6
28. h5 Rh6 29. Rh1 g6 30. Qd1 gxh5 31. Kf2 Rg6 32. Rxh5 Rfg7 33. Rg5 Rxg5 34.
fxg5 Rxg5 35. Bd2 Rg6 36. Bf4 Qe6 37. Qe1 Bd8 38. Qc3 Bh4+ 39. Ke3 Rg1 40. d4
Be1 41. Qd3 cxd4+ 42. Qxd4 Bh4 43. Qd5 Kf7 44. Bh2 Rg5 45. Rf4 Bg3 46. Bxg3
Rxg3+ 47. Kf2 Qxd5 48. cxd5 Rxa3 49. Rxf5+ Ke8 50. e6 Rd3 51. Ke2 Rd4 52. Ke3
Rd1 53. Ke4 Re1+ 54. Kd4 a5 55. Rf7 1-0

[Event "Huntingdale Masters 2009"]
[Site "Huntingdale Chess Club"]
[Date "2009.06.04"]
[Round "6"]
[White "Roza, Peter"]
[Black "Donaldson, Tom"]
[Result "1-0"]
[WhiteElo "1880"]
[BlackElo "2003"]

1. e4 c6 2. d4 d5 3. exd5 cxd5 4. c4 Nf6 5. Nc3 Nc6 6. Nf3 Bg4 7. cxd5 Nxd5 8.
Qb3 Nb6 9. Be3 Bxf3 10. gxf3 g6 11. d5 Ne5 12. Bb5+ Nbd7 13. f4 Ng4 14. Bd4
Ngf6 15. d6 Bg7 16. Nd5 Nxd5 17. Bxg7 Rg8 18. Qxd5 Rxg7 19. Qxb7 Rc8 20. O-O
Rc5 21. dxe7 Qc8 22. Qxc8+ Rxc8 23. Rad1 Rc7 24. Rxd7 Rxd7 25. Rd1 1-0

[Event "Huntingdale Masters 2009"]
[Site "Huntingdale Chess Club"]
[Date "2009.05.29"]
[Round "7"]
[White "Choong, Yita"]
[Black "Roza, Peter"]
[Result "0-1"]
[WhiteElo "1944"]
[BlackElo "1880"]

1. c4 f5 2. d4 d6 3. g3 Nf6 4. Bg2 g6 5. Nc3 Bg7 6. Nh3 Nc6 7. O-O e5 8. Bxc6+
bxc6 9. dxe5 dxe5 10. Qxd8+ Kxd8 11. e4 h6 12. Kg2 fxe4 13. Re1 Rf8 14. Ng1 Bf5
15. h3 g5 16. g4 Bg6 17. Nge2 Ke8 18. Ng3 Rf7 19. Be3 Bf8 20. a3 a5 21. Rad1
Rb8 22. Bc1 Bc5 23. Rd2 Bd4 24. Ncxe4 c5 25. Nxc5 Bxc5 26. Rxe5+ Be7 27. Rxa5
Ne4 28. Re2 Nxg3 29. Kxg3 Bd3 30. Re1 Kf8 31. c5 Bf6 32. Re3 Bc4 33. b4 Rd8 34.
Re4 Bd5 35. Re2 Bc4 36. Re4 Rd3+ 37. Kh2 Bd5 38. Re2 Rd1 0-1

[Event "Huntingdale Masters 2009"]
[Site "Huntingdale Chess Club"]
[Date "2009.06.05"]
[Round "7"]
[White "Holland, Dennis"]
[Black "Kurniawan, Stephanus"]
[Result "0-1"]
[WhiteElo "1837"]
[BlackElo "2133"]

1. d4 Nf6 2. Nf3 g6 3. Nbd2 Bg7 4. e4 d6 5. c3 O-O 6. Bd3 Re8 7. O-O e5 8. dxe5
dxe5 9. Nc4 Nbd7 10. b4 h6 11. Qc2 Qe7 12. a4 Nh5 13. Rd1 Nf8 14. Ne3 c6 15. b5
Be6 16. bxc6 bxc6 17. Ba3 Qf6 18. Rab1 Nd7 19. Ba6 Nf4 20. Bb7 Rab8 21. Bd6
Nxg2 22. Kxg2 Bh3+ 23. Kg1 Qxf3 24. Bxb8 Nxb8 25. Rb2 Bf8 26. Rdb1 Ba3 27. Rb3
Bd6 28. Qd1 Qf6 29. c4 Qe7 30. Ng4 Bxg4 31. Qxg4 h5 32. Qh3 a5 33. Rg3 Qc7 34.
Qxh5 Bb4 35. Qh6 Bf8 36. Qe3 Nd7 37. Ba6 Nc5 38. Rb7 Nxb7 39. Bxb7 Qxb7 0-1

[Event "Huntingdale Masters 2009"]
[Site "Huntingdale Chess Club"]
[Date "2009.06.05"]
[Round "7"]
[White "Donaldson, Tom"]
[Black "Vlietstra, Marc"]
[Result "1-0"]
[WhiteElo "2003"]
[BlackElo "2013"]

1. d4 Nf6 2. Nf3 g6 3. Bg5 Bg7 4. Nbd2 O-O 5. e4 d5 6. Bxf6 Bxf6 7. c3 b6 8.
Bd3 Bb7 9. e5 Bg7 10. h4 c5 11. h5 cxd4 12. hxg6 dxc3 13. gxf7+ Rxf7 14. Bxh7+
Kf8 15. bxc3 Qc7 16. Bg6 Rf4 17. g3 Re4+ 18. Nxe4 dxe4 19. Ng5 Qxc3+ 20. Kf1
Nc6 21. Nh7+ Kg8 22. Qd5+ 1-0

[Event "Huntingdale Masters 2009"]
[Site "Huntingdale Chess Club"]
[Date "2009.06.05"]
[Round "7"]
[White "Boyd, Tristan"]
[Black "Hare, Tim"]
[Result "1-0"]
[WhiteElo "2272"]
[BlackElo "2013"]
 
1.e4 g6 2.d4 c6 3.Nc3 Bg7 4.Be3 d6 5.Qd2 b5 6.Bd3 Nd7 7.Nf3 Nb6 8.h3 Nc4 9.Bxc4 bxc4 
10.O-O d5 11.e5 h5 12.Na4 Nh6 13.Nc5 Nf5 14.Bf4 a5 15.Rfe1 a4 16.b3 a3 17.Rad1 Qa5 
18.Qxa5 Rxa5 19.bxc4 dxc4 20.c3 O-O 21.Nd2 Rxc5 22.dxc5 Be6 23.Nb1 Bd5 24.Nxa3 Ra8 
25.Nc2 Ra5 26.Ra1 Rxc5 27.Ne3 e6 28.Nxf5 gxf5 29.a4 Ra5 30.Bg5 Be4 31.f4 Bc2 32.Bd8 
Rxa4 33.Rxa4 Bxa4 34.Ra1 Bc2 35.Ra8 Kh7 36.Bg5 Kg6 37.h4 Be4 38.g3 f6 39.exf6 Bxf6 
40.Bxf6 Kxf6 41.Kf2 Bd5 42.Rh8 Kg6 43.Ke3 Be4 44.Kd4 1-0

[Event "Huntingdale Masters 2009"]
[Site "Huntingdale Chess Club"]
[Date "2009.04.27"]
[Round "8"]
[White "Vlietstra, Marc"]
[Black "Choong, Yita"]
[Result "0-1"]
[WhiteElo "2013"]
[BlackElo "1944"]

1. a3 g6 2. g3 Bg7 3. Bg2 Nf6 4. e4 d6 5. Ne2 c5 6. Nbc3 Nc6 7. d3 O-O 8. O-O
Rb8 9. h3 b5 10. f4 Qc7 11. Nd5 Nxd5 12. exd5 Nd4 13. c3 Nxe2+ 14. Qxe2 c4 15.
g4 a5 16. d4 b4 17. axb4 axb4 18. f5 bxc3 19. bxc3 Rb3 20. Bd2 Rb2 21. Qe3 Rb5
22. Rae1 Re8 23. Qf3 gxf5 24. gxf5 Bf6 25. Qh5 Rb2 26. Bc1 Rc2 27. Re3 Kh8 28.
Be4 Rg8+ 29. Kh1 Ra2 30. Qxf7 Bd7 31. Qh5 Be8 32. Qf3 Bf7 33. Ree1 Qb7 34. Bh6
Ra5 35. Rb1 Qa8 36. Rg1 Rxg1+ 37. Kxg1 Bxd5 38. Bxd5 Rxd5 39. Qg2 Ra5 40. Qb2
Qg8+ 41. Kh1 Rxf5 42. Rg1 Qa8+ 43. Kh2 Ra5 44. Rg2 Rh5 45. Bf4 Qc8 46. Rg3 Bh4
47. Rf3 Qa8 48. Qe2 Ra5 49. Bd2 Ra2 50. Qe3 Rxd2+ 0-1

[Event "Huntingdale Masters 2009"]
[Site "Huntingdale Chess Club"]
[Date "2009.06.12"]
[Round "8"]
[White "Roza, Peter"]
[Black "Holland, Dennis"]
[Result "0-1"]
[WhiteElo "1880"]
[BlackElo "1837"]

1. d4 d5 2. c4 e6 3. Nc3 Nf6 4. cxd5 exd5 5. Bg5 c6 6. e3 Be7 7. Qc2 Be6 8. Bd3
h6 9. Bh4 Nbd7 10. Nf3 Rc8 11. O-O O-O 12. Bg3 Nh5 13. Be5 f6 14. Bg3 Nxg3 15.
hxg3 f5 16. Qe2 Qe8 17. Nd2 Nf6 18. Rae1 Ne4 19. Bb1 Bf7 20. g4 Nxd2 21. Qxd2 Be6
22. gxf5 Bxf5 23. Bxf5 Rxf5 24. e4 dxe4 25. Rxe4 Qf7 26. Rfe1 Bg5 27. Qe2 Rf8
28. Re8 Rxe8 29. Qxe8+ Qxe8 30. Rxe8+ Rf8 31. Re4 Rd8 32. f3 Rxd4 33. Re8+ Kf7
34. Rb8 Rd7 35. Ne4 Bf4 36. Ra8 Ke7 37. Kf1 Be3 38. Ke2 Bd4 39. b3 Rd8 40. Rxd8
Kxd8 41. Kd3 Be5 42. Nc5 b6 43. Ke4 Bf6 44. Ne6+ Ke7 45. Nf4 Kd6 46. Nd3 c5 47.
Nf4 b5 48. Nd5 Bb2 49. Ne3 g6 50. Nd5 c4 51. bxc4 bxc4 52. Ne3 Kc5 53. Nc2 g5
54. g4 Bc1 55. Nd4 Bf4 56. Nc2 Bd2 57. Nd4 Be1 58. Nc2 Bf2 59. Na3 Kb4 60. Nc2+
Kc3 61. Na3 Bc5 62. Nb5+ Kb4 63. Nc7 Bf2 64. Nd5+ Ka3 65. Nc3 Be1 66. Nb5+ Kb2
67. Nxa7 c3 0-1

[Event "Huntingdale Masters 2009"]
[Site "Huntingdale Chess Club"]
[Date "2009.06.12"]
[Round "8"]
[White "Kurniawan, Stephanus"]
[Black "Dunlop, Gordon"]
[Result "1-0"]
[WhiteElo "2133"]
[BlackElo "1845"]

1. d4 d5 2. c4 Nf6 3. Nf3 e6 4. g3 b6 5. Bg2 Bb7 6. O-O dxc4 7. Qa4+ Nbd7 8.
Qxc4 Be7 9. Nc3 O-O 10. Rd1 c5 11. Be3 Qc8 12. Rac1 cxd4 13. Qxd4 Bc5 14. Qd2
Bxe3 15. Qxe3 Qc5 16. Qf4 Qe7 17. Nb5 Nd5 18. Qd6 Qxd6 19. Nxd6 Ba6 20. Nd4 Ne5
21. Bxd5 exd5 22. b3 Rfd8 23. N6f5 g6 24. Ne3 Rac8 25. f4 Nd7 26. Rxc8 Bxc8 27.
Nxd5 Nc5 28. Nc6 1-0

[Event "Huntingdale Masters 2009"]
[Site "Huntingdale Chess Club"]
[Date "2009.07.05"]
[Round "8"]
[White "Hare, Tim"]
[Black "Barber, Haydn"]
[Result "1/2-1/2"]
[WhiteElo "2013"]
[BlackElo "2092"]

1.c4 e5 2.Nc3 d6 3.g3 g6 4.Bg2 Bg7 5.d3 f5 6.Rb1 Nf6 7.Nf3 c6 8.O-O Nbd7 
9.b4 O-O 10.b5 Qc7 11.bxc6 bxc6 12.Ba3 Re8 13.Nd2 Nb6 14.Nb3 Bd7 15.c5 dxc5 
16.Nxc5 Bf8 17.Na6 Qc8 18.Bxf8 Rxf8 19.Nc5 Be6 20.Nxe6 Qxe6 21.a4 Rfe8 22.a5 
Nbd5 23.Na4 Rab8 1/2-1/2

[Event "Huntingdale Masters 2009"]
[Site "Huntingdale Chess Club"]
[Date "2009.07.05"]
[Round "8"]
[White "Boyd, Tristan"]
[Black "Donaldson, Tom"]
[Result "1/2-1/2"]
[WhiteElo "2272"]
[BlackElo "2003"]

1.d4 d5 2.c4 c6 3.Nc3 Nf6 4.Nf3 Ne4 5.cxd5 Nxc3 6.bxc3 cxd5 7.Bf4 Nc6 8.e3 e6 9.Bd3 Bd6 
10.Bxd6 Qxd6 11.e4 dxe4 12.Bxe4 f5 13.Bc2 O-O 14.O-O Bd7 15.Re1 Rae8 16.Bb3 Na5 17.Ne5 
Nxb3 18.Qxb3 Bc6 19.Rab1 b6 20.c4 Rc8 21.Rbd1 Rfe8 22.Re3 Rb8 23.h3 b5 24.c5 Qd5 
25.Nxc6 Qxc6 26.Rde1 Kf7 27.Re5 g6 28.Qe3 Rbd8 29.h4 h5 30.Rd1 Rd5 31.Qh6 Kf6 
32.Rd3 Rxd4 33.Rxd4 Kxe5 34.Qg7# 1-0

[Event "Huntingdale Masters 2009"]
[Site "Huntingdale Chess Club"]
[Date "2009.04.18"]
[Round "9"]
[White "Choong, Yita"]
[Black "Boyd, Tristan"]
[Result "0-1"]
[WhiteElo "1944"]
[BlackElo "2272"]

1. c4 e6 2. Nc3 d5 3. d4 Nf6 4. Bg5 Be7 5. Nf3 O-O 6. Rc1 h6 7. Bh4 b6 8. cxd5
Nxd5 9. Nxd5 exd5 10. Bxe7 Qxe7 11. g3 Be6 12. Bg2 c5 13. Ne5 Na6 14. dxc5 Qf6
15. Nd3 Nxc5 16. Nxc5 bxc5 17. Rxc5 Qxb2 18. Rc2 Qe5 19. Rd2 Rfd8 20. O-O Rac8
21. Qa4 Qc3 22. Rfd1 Qc5 23. e3 Rb8 24. Qf4 Rb5 25. h3 Qb6 26. Qd4 Qxd4 27.
Rxd4 Rc8 28. Bxd5 Bxd5 29. Rxd5 Rb2 30. R1d2 Rxd2 31. Rxd2 Rc7 32. Rd4 Kf8 33.
Kg2 Ke7 34. a4 Ke6 35. h4 h5 36. Kf3 Rc2 37. e4 Rc3+ 38. Kf4 Ra3 39. f3 g6 40.
e5 a5 41. g4 hxg4 42. fxg4 Ra1 43. Kg5 Kxe5 44. Rf4 Ke6 45. h5 gxh5 46. gxh5
Rg1+ 47. Rg4 f6+ 48. Kf4 Rh1 49. Rg8 Rh4+ 50. Ke3 Rxh5 51. Ra8 Rd5 52. Ra7 Kf5
53. Kf3 Ke5 54. Ke3 f5 55. Re7+ Kd6 56. Ra7 Re5+ 57. Kf3 Rc5 58. Kf4 Rc4+ 59.
Kxf5 Rxa4 60. Ra8 Kc6 61. Ke5 Rh4 62. Rc8+ Kb5 63. Kd5 Kb4 64. Rb8+ Kc3 65.
Rc8+ Kb3 66. Rb8+ Kc3 67. Rc8+ Kd3 68. Ra8 a4 69. Rg8 Kc3 70. Rc8+ Kb3 71. Rb8+
Ka2 72. Kc5 a3 73. Rb7 Ka1 74. Rb8 a2 75. Rb7 Rh1 76. Kc4 Rb1 77. Rh7 Kb2 78.
Rh2+ Ka3 79. Rh3+ Ka4 0-1

[Event "Huntingdale Masters 2009"]
[Site "Huntingdale Chess Club"]
[Date "2009.06.06"]
[Round "9"]
[White "Holland, Dennis"]
[Black "Vlietstra, Marc"]
[Result "1-0"]
[WhiteElo "1837"]
[BlackElo "2013"]

1. d4 Nf6 2. Nf3 g6 3. Nbd2 Bg7 4. e4 d5 5. exd5 Nxd5 6. c3 O-O 7. Nc4 b5 8.
Ne3 a6 9. a4 bxa4 10. Nxd5 Qxd5 11. Rxa4 Nd7 12. b4 Nb6 13. Ra5 Qc6 14. Rc5 Qb7
15. Be2 Bd7 16. Bd2 Bc6 17. O-O Rfe8 18. Qa1 Bb5 19. c4 Nd7 20. Rg5 h6 21. Rg3
Bc6 22. Qc1 h5 23. d5 Ba4 24. Nh4 Nf6 25. Bh6 Bh8 26. Nxg6 fxg6 27. Rxg6+ Kf7
28. Qg5 Rg8 29. Rxf6+ exf6 30. Bxh5+ Ke7 31. Re1+ Kd6 32. Qf5 Qxb4 33. Re6+ Kc5
34. Be3+ Kxc4 35. Re4+ Kb3 36. Rxb4+ Kxb4 37. Qe4+ Ka5 38. Bd2+ Kb5 39. Qb4#
1-0

[Event "Huntingdale Masters 2009"]
[Site "Huntingdale Chess Club"]
[Date "2009.06.06"]
[Round "9"]
[White "Barber, Haydn"]
[Black "Kurniawan, Stephanus"]
[Result "1-0"]
[WhiteElo "2092"]
[BlackElo "2133"]

1.e4 e6 2.d4 d5 3.Nc3 Bb4 4.Ne2 Nc6 5.a3 Bf8 6.g3 dxe4 7.Nxe4 b6 8.Bg2 Bb7 
9.O-O Nf6 10.Bg5 Be7 11.Bxf6 Bxf6 12.c3 Be7 13.Qa4 Qd7 14.Rad1 O-O-O 15.Rfe1 
Na5 16.Qc2 Bd5 17.Nd2 Bxg2 18.Kxg2 h5 19.Qe4 Kb8 20.Nf4 Rde8 21.b4 Nb7 22.Nc4 
Bd6 23.Ne5 Bxe5 24.dxe5 Qa4 25.h4 g5 26.hxg5 h4 27.Rd3 hxg3 28.Rxg3 Rh4 29.Qf3 
Qxa3 30.g6 fxg6 31.Nxg6 Rh7 32.Qc6 Rg8 33.Qxe6 Rhg7 34.Nf4 Rxg3+ 35.fxg3 Rh8 
36.Qf6 Qa2+ 37.Re2 Qg8 38.e6 Qh7 39.Qh4 Qg7 40.Nh5 Qxc3 41.e7 Nd6 42.Qf6 Qc6+ 
43.Kf2 Rg8 44.Qf8+ Qe8 45.Qf3 Qc8 46.g4 Qxg4 47.e8=Q+ 1-0